Fülle die Weltkarte, indem du das jeweils nächste Land nennst - Statistiken

Allgemein
  • Dieses Quiz wurde 9.928 mal gespielt
  • Das Durchschnittsergebnis liegt bei 36 aus 195
Antworten auf der Karte
Die Antworten werden auf der Karte rot bzw. grün angezeigt, abhängig davon wie oft sie richtig erraten wurden.
 
Antwortstatistiken
Distanz Land % Korrekt
3 km Russland
100%
43 km Japan
77%
50 km Südkorea
74%
263 km China
73%
4 km Taiwan
65%
156 km Philippinen
63%
53 km Malaysia
59%
6 km Indonesien
53%
1 km Singapur
53%
40 km Brunei
44%
104 km Thailand
43%
956 km Vietnam
43%
486 km Indien
42%
1 km Sri Lanka
42%
716 km Malediven
41%
1916 km Pakistan
37%
59 km Kasachstan
36%
39 km Mongolei
36%
770 km Nordkorea
36%
16 km Tadschikistan
36%
2731 km Myanmar
35%
957 km Afghanistan
34%
199 km Aserbaidschan
34%
43 km Bangladesch
34%
297 km Bhutan
34%
211 km Irak
34%
101 km Kirgisistan
34%
22 km Nepal
34%
290 km Turkmenistan
34%
7 km Ägypten
33%
16 km Israel
33%
45 km Jordanien
33%
220 km Libanon
33%
15 km Saudi-Arabien
33%
198 km Rumänien
32%
68 km Slowakei
32%
142 km Slowenien
32%
69 km Türkei
32%
228 km Zypern
32%
45 km Bosnien und Herzegowina
31%
70 km Tschechien
31%
68 km Ungarn
31%
218 km Italien
30%
33 km Frankreich
29%
227 km Luxemburg
29%
8 km Monaco
29%
64 km Niederlande
29%
236 km Schweiz
29%
133 km Vereinigtes Königreich
29%
70 km Albanien
28%
24 km Kroatien
28%
148 km Österreich
28%
54 km Bulgarien
27%
114 km Griechenland
27%
114 km Kosovo
27%
38 km Serbien
27%
148 km Ukraine
27%
337 km Belarus
26%
4 km Dänemark
26%
571 km Deutschland
26%
152 km Estland
26%
47 km Finnland
26%
213 km Lettland
26%
220 km Litauen
26%
287 km Moldawien
26%
94 km Polen
26%
144 km Schweden
26%
372 km Belgien
25%
622 km Irland
25%
33 km Liechtenstein
25%
1657 km Bahamas
24%
85 km Haiti
24%
973 km Island
24%
1637 km Kanada
24%
89 km Kuba
24%
839 km Norwegen
24%
448 km Dominikanische Republik
23%
188 km Jamaika
23%
576 km Kolumbien
19%
161 km Belize
16%
752 km Costa Rica
16%
14 km El Salvador
16%
56 km Honduras
16%
177 km Mexiko
16%
137 km Nicaragua
16%
535 km Guatemala
15%
878 km Panama
15%
14 km Trinidad und Tobago
15%
445 km Venezuela
15%
129 km Dominica
14%
130 km Grenada
14%
42 km St. Lucia
14%
1 km St. Vincent und die Grenadinen
14%
154 km Antigua und Barbuda
13%
583 km Argentinien
13%
524 km Barbados
13%
486 km Brasilien
13%
713 km Chile
13%
2340 km Ecuador
13%
507 km Guyana
13%
1252 km Peru
13%
68 km St. Kitts und Nevis
13%
1013 km Bolivien
12%
3351 km Kap Verde
12%
457 km Paraguay
12%
571 km Senegal
12%
1620 km Suriname
12%
276 km Uruguay
12%
223 km Elfenbeinküste
11%
101 km Nigeria
11%
262 km Sierra Leone
11%
319 km Togo
11%
95 km Äquatorial-Guinea
10%
199 km Republik Kongo
10%
420 km Eritrea
9%
29 km Jemen
9%
167 km Südsudan
9%
431 km Tschad
9%
497 km Demokratische Republik Kongo
8%
20 km Dschibuti
8%
624 km Sudan
8%
118 km Angola
7%
32 km Botswana
7%
158 km Gabun
7%
281 km Komoren
7%
202 km Mosambik
7%
425 km Somalia
7%
327 km Tansania
7%
335 km Armenien
6%
322 km Bahrain
6%
774 km Georgien
6%
51 km Iran
6%
1 km Katar
6%
20 km Kuwait
6%
571 km Oman
6%
1515 km Syrien
6%
821 km Usbekistan
6%
31 km Vereinigte Arabische Emirate
6%
68 km Algerien
5%
238 km Mali
5%
665 km Malta
5%
202 km Marokko
5%
79 km Montenegro
5%
1400 km Nordmazedonien
5%
521 km Portugal
5%
495 km San Marino
5%
498 km Spanien
5%
288 km Tunesien
5%
221 km Vatikanstadt
5%
43 km Benin
4%
267 km Burkina Faso
4%
95 km Burundi
4%
189 km Gambia
4%
469 km Ghana
4%
253 km Guinea
4%
60 km Guinea-Bissau
4%
668 km Kamerun
4%
419 km Kenia
4%
450 km Liberia
4%
280 km Mauretanien
4%
86 km Niger
4%
365 km Ruanda
4%
414 km Uganda
4%
701 km Zentralafrikanische Republik
4%
2131 km Äthiopien
3%
285 km Eswatini
3%
695 km Lesotho
3%
1383 km Libyen
3%
1182 km Madagaskar
3%
707 km Malawi
3%
354 km Mauritius
3%
1 km Namibia
3%
610 km Sambia
3%
263 km Seychellen
3%
161 km Simbabwe
3%
517 km Südafrika
3%
1348 km Andorra
2%
3092 km Australien
2%
747 km Fidschi
2%
396 km Föderierte Staaten von Mikronesien
2%
10216 km Laos
2%
8606 km Neuseeland
2%
2962 km Palau
2%
482 km Papua-Neuguinea
2%
2 km Salomonen
2%
262 km Samoa
2%
4567 km São Tomé und Príncipe
2%
327 km Tonga
2%
155 km Vanuatu
2%
2988 km Kambodscha
1%
342 km Kiribati
1%
597 km Marshallinseln
1%
287 km Nauru
1%
441 km Osttimor
1%
1036 km Tuvalu
1%
Keine übereinstimmenden Quizze gefunden
Verteilung der Resultate
Anzahl Personen mit jedem Resultat
Perzentil nach korrekt beantworteten Fragen
Ihre Resultats-Entwicklung
Sie haben dieses Quiz noch nicht gespielt